000
00209nam a22000977a 4500
999
_c
16253
_d
16253
003
OSt
008
200626b ||||| |||| 00| 0 eng d
100
_a
B.S. Bahl
_9
4651
245
_a
Organic Chemistry
942
_c
BK